| 000 | 00000nas 2200000zi 4500 |
| 001 | 9.952403 |
| 003 | CaOODSP |
| 005 | 20250620134031 |
| 006 | m o d f |
| 007 | cr cn |||||||| |
| 008 | 250616c20249999oncar p o f0 b0fre|d |
| 022 | |a2819-3717 |
| 040 | |aCaOODSP|bfre|erda|cCaOODSP |
| 043 | |an-cn--- |
| 086 | 1 |aFR2-38F-PDF |
| 222 | 0|aRapport annuel sur les marchandises et technologies stratégiques conformément à l'article 27 de la Loi sur les licences d'exportation et d'importation |
| 245 | 00|aRapport annuel sur les marchandises et technologies stratégiques conformément à l'article 27 de la Loi sur les licences d'exportation et d'importation. |
| 264 | 1|a[Ottawa] : |bGlobal Affairs Canada = Affaires mondiales Canada, |c[2025]- |
| 310 | |aAnnuel |
| 336 | |atexte|btxt|2rdacontent/fre |
| 337 | |ainformatique|bc|2rdamedia/fre |
| 338 | |aressource en ligne|bcr|2rdacarrier/fre |
| 362 | 1 |aParaît depuis : 2024. |
| 500 | |aPublié aussi en anglais sous le titre : Annual report on strategic goods and technologies pursuant to section 27 of the Export and Import Permits Act. |
| 588 | |aDescription d'après : 2024; titre de la page couverture du fichier PDF. |
| 588 | |aDernière livraison consultée : 2024. |
| 610 | 16|aCanada. |tLoi sur les licences d'exportation et d'importation|vPériodiques. |
| 650 | 6|aArmes|xVente|zCanada|vPériodiques. |
| 650 | 6|aIndustrie militaire|zCanada|vPériodiques. |
| 655 | 7|aPériodiques|2rvmgf |
| 710 | 1 |aCanada. |bAffaires mondiales Canada, |eorganisme de publication. |
| 775 | 08|tAnnual report on strategic goods and technologies pursuant to section 27 of the Export and Import Permits Act.|w(CaOODSP)9.952404 |
| 780 | 00|tLes exportations de marchandises militaires.|w(CaOODSP)9.880284 |